Famous Scientologists - Statistics

General Stats
  • This quiz has been taken 65 times
  • The average score is 8 of 20
Answer Stats
Life Hint Person % Correct
1962– Starred in Rain Man, Magnolia, and a few others Tom Cruise
90%
1911–1986 Wrote Dianetics and founded Scientology L. Ron Hubbard
84%
1954– Actor in Welcome Back, Kotter and Look Who's Talking John Travolta
67%
1942–2008 Theme from Shaft; Chef on South Park Isaac Hayes
64%
1968–2023 Married Michael Jackson in the 1990s Lisa Marie Presley
62%
1951–2022 Actress in Cheers and Look Who's Talking Kirstie Alley
55%
1976– That '70s Show actor convicted of rape in 2023 Danny Masterson
43%
1957– The voice of Bart Simpson and other characters Nancy Cartwright
43%
1982– Actress in Mad Men and The Handmaid's Tale Elizabeth Moss
41%
1973– Actress in Cape Fear and Natural Born Killers Juliette Lewis
36%
1978– Dawson's Creek actress Katie Holmes
33%
1970– Odelay musician who said he was not a Scientologist in 2019 Beck
31%
1971– Dharma in Dharma & Greg Jenna Elfman
29%
1970– King of Queens actress who exposed Scientology in docuseries Leah Remini
28%
1976– Crash actor who was also Luis in Ant-Man Michael Peña
26%
1960– Current leader of Scientology David Miscavige
22%
1962–2020 Actress of Twins and Jerry Maguire Kelly Preston
17%
1974– Actor in Saving Private Ryan and Avatar Giovanni Ribisi
12%
1953– Director of Crash and writer of Million Dollar Baby Paul Haggis
12%
1941–2021 "Spain" and "Windows" jazz pianist of Miles Davis's band Chick Corea
10%
No matching quizzes found
Score Distribution
Percent of People with Each Score
Percentile by Number Answered
Your Score History
You have not taken this quiz